| 000 | 00928nam a22002175i 4500 | ||
|---|---|---|---|
| 001 | 176748 | ||
| 003 | ES-MaACL | ||
| 005 | 20230906220155.0 | ||
| 008 | 110207s1962 fr |||| | fre d | ||
| 080 | _a633.3:006.063 | ||
| 245 | 0 | 0 | _aSystème de l'O.C.D.E. pour la certification variétale des semences fourragères destinées au commerce international. |
| 260 |
_a[Paris] : _bl'Organisation de Coopération et de Développement Économiques, _cD. L. 1962. |
||
| 300 |
_a34 p. ; _c24 cm. |
||
| 490 | 1 |
_aDocumentation dans l'agriculture et l'alimentation. Série 1962 ; _v56 |
|
| 546 | _aTexto en francés. | ||
| 650 | 0 | 4 |
_aPlantas forrajeras- _xSemillas- _xCertificación. _9145065 |
| 710 | 2 |
_aOrganización de Cooperación y Desarrollo Económico. _9167502 |
|
| 830 | 0 |
_aDocumentation dans l'agriculture et l'alimentation. Série 1962 ; _v56 _9190220 |
|
| 852 |
_aES-MaACL _jE-14208 _xOlim P-969-bis |
||
| 999 |
_c176748 _d176748 |
||